| 000 -LEADER |
| fixed length control field |
00920cam a22002054a 4500 |
| 020 ## - INTERNATIONAL STANDARD BOOK NUMBER |
| ISBN |
9788121106252 |
| 040 ## - CATALOGING SOURCE |
| Transcribing agency |
DLC |
| 082 ## - DEWEY DECIMAL CLASSIFICATION NUMBER |
| Classification number |
634 FOU 2008 A083 Or. |
| 245 00 - TITLE STATEMENT |
| Title |
Adaptive management of medicinal plants and non-timber forest products : |
| Remainder of title |
strategies, implications, and policy / |
| 260 ## - PUBLICATION, DISTRIBUTION, ETC. (IMPRINT) |
| Place of publication |
Dehra Dun : |
| Name of publisher |
Bishen Singh Mahendra Pal Singh ; |
| Place of publication |
Bangalore : |
| Name of publisher |
Foundation for Revitalisation of Local Health Traditions, |
| Year of publication |
c2008. |
| 300 ## - PHYSICAL DESCRIPTION |
| Number of Pages |
xxii, 278 p. : |
| Other physical details |
ill. (chiefly col.), col. map ; |
| Dimensions |
24 cm. |
| 520 ## - SUMMARY, ETC. |
| Summary, etc |
Contributed articles presented at a workshop held at Bangalore on 24th & 25th Jan. 2006. |
| 650 #0 - SUBJECT ADDED ENTRY--TOPICAL TERM |
| Topical Term |
Medicinal plants |
| 650 #0 - SUBJECT ADDED ENTRY--TOPICAL TERM |
| Topical Term |
Non-timber forest products |
| 700 1# - ADDED ENTRY--PERSONAL NAME |
| Personal name |
Kinhal, Giridhar A. |
| 700 1# - ADDED ENTRY--PERSONAL NAME |
| Personal name |
Rao, R. Jagannatha. |
| 710 2# - ADDED ENTRY--CORPORATE NAME |
| Corporate name or jurisdiction name as entry element |
Foundation for Revitalisation of Local Health Traditions (Bangalore, India) |
| 856 41 - ELECTRONIC LOCATION AND ACCESS |
| Uniform Resource Identifier |
http://www.loc.gov/catdir/toc/fy0906/2008306610.html |
| 942 ## - ADDED ENTRY ELEMENTS (KOHA) |
| Koha item type |
សៀវភៅភាសាអង់គ្លេស |
| 952 ## - LOCATION AND ITEM INFORMATION (KOHA) |
| Withdrawn status [LOCAL, KOHA] |
0 |